Spanish Verbs - Statistics

General Stats
  • This quiz has been taken 308 times
    52 since last reset
  • The average score is 135 of 500
Answer Stats
Español English % Correct
Bailar Dance
89%
Hablar (also talk) Speak
84%
Dividir Divide
74%
Notar (also notice) Note
74%
Estar/Ser Be
63%
Correr Run
63%
Viajar Travel
63%
Caminar/Pasear/Andar/Ir a pie Walk
63%
Aceptar Accept
58%
Adoptar Adopt
58%
Destruir Destroy
58%
Dibujar Draw
58%
Editar Edit
58%
Existir Exist
58%
Ir/Irse (also get off, go away) Go
58%
Oír Hear
58%
Saber Know
58%
Mirar Look
58%
Mezclar Mix
58%
Navegar Navigate
58%
Prender (also turn on)Sujetar con un alfiler Pin
58%
Presentar Present
58%
Reproducirse (also breed) Reproduce
58%
Decir (also tell) Say
58%
Vender Sell
58%
Cantar Sing
58%
Estudiar Study
58%
Nadar Swim
58%
Ganar/Ganarse (also earn, gain) Win
58%
Escribir Write
58%
Actuar/Darse las de (also pretend to be, fancy oneself as, make oneself out to be) Act
53%
Admitir Admit
53%
Aplaudir Applaud
53%
Poder (also be able, might, may) Can
53%
Cerrar Close
53%
Confesar Confess
53%
Cocinar/Cocer/Cocerse Cook
53%
Defender Defend
53%
Disciplinar Discipline
53%
Comer Eat
53%
Expresar Express
53%
Formar/Formarse Form
53%
Odiar Hate
53%
Haber/Tener Have
53%
Gustar Like
53%
Amar Love
53%
Manipular Manipulate
53%
Obtener Obtain
53%
Ofender Offend
53%
Abrir Open
53%
Organizar Organize
53%
Pagar Pay
53%
Preferir Prefer
53%
Preparar Prepare
53%
Leer Read
53%
Ver (also watch, view) See
53%
Dormir Sleep
53%
Votar Vote
53%
Activar (also enable) Activate
47%
Apreciar Appreciate
47%
Creer (also deem) Believe
47%
Construir (also construct) Build
47%
Comprar Buy
47%
Comunicar Communicate
47%
Concentrar Concentrate
47%
Cortar Cut
47%
Conducir (also conduct) Drive
47%
Entrar Enter
47%
Escapar Escape
47%
Sentir Feel
47%
Seguir (also continue, keep, remain) Follow
47%
Dar Give
47%
Guardar (also save) Guard
47%
Sanar Heal
47%
Golpear (also knock) Hit
47%
Ignorar Ignore
47%
Incluir Include
47%
Infectar Infect
47%
Insultar Insult
47%
Reír Laugh
47%
Aprender Learn
47%
Limitar Limit
47%
Vivir Live
47%
Necesitar Need
47%
Ofrecer Offer
47%
Penetrar Penetrate
47%
Poner/Ponerse (also make, be, set, get, give, turn on, open, send, turn, wear, call) Put
47%
Reducir Reduce
47%
Quitar (also take away, take off, quit, stop) Remove
47%
Representar Represent
47%
Resistir Resist
47%
Oler Smell
47%
Pensar Think
47%
Traducir Translate
47%
Visitar Visit
47%
Querer (also love, like) Want
47%
Absorber Absorb
42%
Asociar Associate
42%
Romper/Quebrar/Quebrantar/Poner fin (also put an end to) Break
42%
Llamar Call
42%
Anular/Cancelar Cancel
42%
Celebrar (also have, hold, host) Celebrate
42%
Venir Come
42%
Conectar Connect
42%
Continuar Continue
42%
Convertir Convert
42%
Llorar Cry
42%
Debatir Debate
42%
Degradar Degrade
42%
Donar (also gift) Donate
42%
Beber/Pistear (alcohol) Drink
42%
Excluir Exclude
42%
Olvidar Forget
42%
Improvisar Improvise
42%
Invitar Invite
42%
Justificar Justify
42%
Dejar (also quit, let)/Partir (also start) Leave
42%
Conocer (also learn, know, get to know) Meet
42%
Mencionar Mention
42%
Jugar/Juguetear/Tocar (also touch)/Desempeñar (also perform, fill, carry out, act, fulfill, serve as) Play
42%
Pretender Pretend
42%
Prevenir Prevent
42%
Proteger Protect
42%
Publicar Publish
42%
Castigar Punish
42%
Recibir Receive
42%
Repetir Repeat
42%
Gritar (also yell, shout)/Berrear Scream
42%
Sentar/Estar sentado/Estar colocado/Ocupar un escaño/Quedarse sentado (also sit still)/Estar situado (also be located) Sit
42%
Sufrir/Padecer/Penar (also penalize, condemn, punish) Suffer
42%
Enseñar (also show) Teach
42%
Tocar (also play) Touch
42%
Transformar Transform
42%
Intendar (also intend)/Someter a juicio (law) Try
42%
Usar (also wear) Use
42%
Acusar Accuse
37%
Afectar Affect
37%
Aparecer Appear
37%
Asignar Assign
37%
Capturar Capture
37%
Confundir Confuse
37%
Considerar Consider
37%
Controlar Control
37%
Convencer Convince
37%
Cruzar/Cruzarse/Contrariar Cross
37%
Desactivar (also disable) Deactivate
37%
Morir Die
37%
Desaparecer Disappear
37%
Gozar/Disfrutar Enjoy
37%
Explorar Explore
37%
Encontrar (also meet, encounter) Find
37%
Acabar (also end, end up) Finish
37%
Ayudar Help
37%
Imaginar Imagine
37%
Impresionar Impress
37%
Insistir Insist
37%
Invadir Invade
37%
Perder Lose
37%
Casarse Marry
37%
Nominar Nominate
37%
Obedecer Obey
37%
Pintar Paint
37%
Participar (also join) Participate
37%
Pausar Pause
37%
Pilotar Pilot
37%
Pronunciar Pronounce
37%
Provocar Provoke
37%
Darse cuenta de/Realizar Realize
37%
Reformar Reform
37%
Respetar Respect
37%
Resultar (also turn out, prove, come off, come out, follow, ensue) Result
37%
Satisfacer Satisfy
37%
Seleccionar Select
37%
Compartir Share
37%
Quedar (also remain, be, meet, be left (over), come up, have left, get, have, fit, suit, arrange/agree to meet, come in, finish, look, become, keep, remember, trick, kid)/Quedarse Stay
37%
Parar/Hacer alto/Detenerse Stop
37%
Entender Understand
37%
Lavar Wash
37%
Trabajar/Obrar/Camellar (hard) Work
37%
Admirar Admire
32%
Acordar/Estar de acuerdo/Concordar/Dar la razón (also admit someone is right)/Convenir (also suit, be good for, be fitting/appropriate) Agree
32%
Llegar (also get, go, reach, come)/Arribar Arrive
32%
Pedir/Preguntar Ask
32%
Bloquear Block
32%
Respirar Breathe
32%
Llevar (also bring, take, lead, wear, take up, drive, have) Carry
32%
Atrapar/Pillar (also take, nail, catch up with) Catch
32%
Cambiar (also trade) Change
32%
Colapsar Collapse
32%
Comentar/Hacer comentarios Comment
32%
Contratar (also hire) Contract
32%
Copiar Copy
32%
Contar (also tell, recount, share, relate, reckon, describe)/Contabilizar (also account for) Count
32%
Crear Create
32%
Hacer un crucero/Viajar en crucero Cruise
32%
Curar Cure
32%
Describir Describe
32%
Desear (also wish) Desire
32%
Diriger Direct
32%
Descubrir (also uncover) Discover
32%
Dominar Dominate
32%
Exagerar Exaggerate
32%
Explicar Explain
32%
Figurar Figure
32%
Llenar Fill
32%
Flotar Float
32%
Agarrar/Asir Grab
32%
Crecer/Dejarse crecer Grow
32%
Guiar Guide
32%
Esperar (also wait, expect) Hope
32%
Imitar Imitate
32%
Impactar Impact
32%
Influir Influence
32%
Interpretar Interpret
32%
Interrumpir Interrupt
32%
Bromear Joke
32%
Juzgar Judge
32%
Mentir/Yacer/Radicar/Estribar (also lie in) Lie
32%
Eschucar Listen
32%
Hacer (also do) Make
32%
Proceder Proceed
32%
Producir Produce
32%
Prometer Promise
32%
Protestar Protest
32%
Reaccionar React
32%
Volver/Regrasar/Devolver Return
32%
Enviar (also submit)/Mandar (also run, command, call the shots, be in charge, boss, order, direct, rule, submit) Send
32%
Servir (also work) Serve
32%
Mostrar Show
32%
Sonreír Smile
32%
Fumar/Ahumar Smoke
32%
Gastar Spend
32%
Comenzar/Empezar/Partir (also leave)/Ponerse (also begin, set, turn, grow, get high, put on) Start
32%
Robar/Afanar Steal
32%
Sobrevivir Survive
32%
Despertar/Despertarse (also awake(n)/Amanecer (also dawn)/Madrugar (early) Wake up
32%
Atacar/Agredir (also assault) Attack
26%
Bañar Bathe
26%
Morder Bite
26%
Sangrar Bleed
26%
Traer/Brindar (also provide, offer) Bring
26%
Hacer clic Click
26%
Cometer Commit
26%
Decidir Decide
26%
Detallar Detail
26%
Irrespetar Disrespect
26%
Vestir Dress
26%
Efectuar Effect
26%
Fluir Flow
26%
Subir (also turn up, upload, climb, rise, get up, raise, increase, hoist, take up, head up, come in, lift up, move up, walk up, come up) Go up
26%
Mejorar (also better) Improve
26%
Inspirar Inspire
26%
Interactuar Interact
26%
Interferir Interfere
26%
Saltar/Brincar/Dar brincos Jump
26%
Matar Kill
26%
Líderar Lead
26%
Mantener Maintain
26%
Mudar/Mover Move
26%
Pasar (also happen, come, turn, spend, come in, call, go by, pass by, go through, cross, swipe, go down, come by, go ahead, go past, turn over, go on, come about) Pass
26%
Posar Pose
26%
Presumir Presume
26%
Alcanzar Reach
26%
Reconocer Recognize
26%
Relajar/Relajarse Relax
26%
Acordarse/Recordar Remember
26%
Responder (also answer, reply) Respond
26%
Revelar Reveal
26%
Andar en/Cabalgar (horse) Ride
26%
Parecer (also look, appear, feel, think, look like) Seem
26%
Separarse/Separar Separate
26%
Silenciar (also mute) Silence
26%
Sugerir Suggest
26%
Suponer Suppose
26%
Testificar Testify
26%
Girar (also twist, spin) Turn
26%
Añadir Add
21%
Agitar Agitate
21%
Apostar Bet
21%
Hervir Boil
21%
Acampar Camp
21%
Escalar (also escalate, scale)/Trepar Climb
21%
Comparar Compare
21%
Discrepar/No estar de acuerdo Disagree
21%
Dudar (also hesitate) Doubt
21%
Luchar (also struggle)/Pelear/Bregar/Guerrear/Fajarse (also get ready)/Fajarse con Fight
21%
Volar Fly
21%
Enfocar Focus
21%
Garantizar/Caucionar (also provide bail) Guarantee
21%
Ocultar/Esconder Hide
21%
Implicar (also implicate, involve, mean, entail, suggest) Imply
21%
Seguir/Mantener (also maintain)/Guardar (also save, guard) Keep
21%
Gestionar Manage
21%
Ordenar/Encargar/Pedir (also sort, ask) Order
21%
Preservar (also conserve) Preserve
21%
Pulsar/Prensar Press
21%
Purgar Purge
21%
Empujar Push
21%
Dejar (also stop, leave) Quit
21%
Recomendar Recommend
21%
Resolver (also solve)/Solventar (also settle, deal with) Resolve
21%
Ahorrar/Guardar (also guard) Save
21%
Esculpir Sculpt
21%
Solicitar (also request, apply, claim) Solicit
21%
Apoyar Support
21%
Jurar Swear
21%
Sacar (also get, score) Take out
21%
Lanzar/Aventar/Arrojar (also cast, toss) Throw
21%
Cansar Tire
21%
Tostar Toast
21%
Tratar (also try) Treat
21%
Temblar (also shiver) Tremble
21%
Desbloquear (also unlock) Unblock
21%
Lograr/Cumplir (also accomplish, meet, fulfill, comply, carry out, follow, serve, realize, obey, abide, satisfy) Achieve
16%
Afirmar (also assert) Affirm
16%
Permitir (also permit) Allow
16%
Evitar/Esquivar (also dodge)/Rehuir Avoid
16%
Hornear Bake
16%
Hacerse/Convertirse/Volverse/Pasar a ser Become
16%
Mendigar/Rogar Beg
16%
Portarse/Comportarse Behave
16%
Abordar Board
16%
Quemar/Quemarse/Arder (also blaze, smolder) Burn
16%
Chequear Check
16%
Masticar/Mascar/Mordisquear/Remorder Chew
16%
Recoger (also pick)/Recopilar/Coleccionar/Recolectar (also gather, pick, harvest)/Recabar (also gather, obtain)/Hacer una colecta/Acopiar (also gather, stockpile) Collect
16%
Conquistar Conquer
16%
Cubrir/Tapar Cover
16%
Exigir/Demandar (also sue) Demand
16%
Merecer Deserve
16%
Diseñar Design
16%
Distraer Distract
16%
Abrazar (also hug) Embrace
16%
Experimentar (also experiment) Experience
16%
Caer Fall
16%
Forzar Force
16%
Perdonar Forgive
16%
Sujetar (also attach) Hold
16%
Humillar (also humble) Humiliate
16%
Informar (also report) Inform
16%
Estar inclinado hacia (also be inclined, lean toward/against, tend to) Lean
16%
Paralizar (also cripple) Paralyze
16%
Predecir Predict
16%
Calificar Qualify
16%
Criar Raise
16%
Rellenar/Volver a llenar Refill
16%
Rescatar Rescue
16%
Reintentar Retry
16%
Arriesgar Risk
16%
Arruinar Ruin
16%
Disparar/Fusilar/Pegar un tiro/Pegarle un tiro a Shoot
16%
Sentarse Sit down
16%
Mirar fijamente Stare
16%
Sorprender Surprise
16%
Sostener Sustain
16%
Atormentar (also haunt) Torment
16%
Entrenar/Adiestrar/Amaestrar (also teach) Train
16%
Lucir/Ponerse (also put on) Wear
16%
Apelar Appeal
11%
Asumir/Dar por sentado Assume
11%
Beneficiar/Beneficiarse Benefit
11%
Estrangular/Asfixiar Choke
11%
Aclarar/Despejar Clear
11%
Confortar/Reconfortar Comfort
11%
Gatear/Arrástrese Crawl
11%
Fechar/Datar/Salir con (love) Date
11%
Decrecer Decrease
11%
Negar/Desmentir/Denegar Deny
11%
Bucear Dive
11%
Botar (also launch, throw away)/Soltar Drop
11%
Ahogar Drown
11%
Elegir Elect
11%
Entretener Entertain
11%
Alimentar/Dar de comer Feed
11%
Fijar Fix
11%
Fusionar (also merge) Fuse
11%
Bajar (also turn down, come down, lower) Go down
11%
Salir (also leave, exit, come out, get out, turn out, work out, move out, pop up, rise, set off, get off, set out, head out, go off, come off, play out, pan out) Go out
11%
Andar/Acudir Go to
11%
Afligirse Grieve
11%
Adivinar/Acertar (also get right, hit the target, guess right) Guess
11%
Patear Kick
11%
Alquilar (also rent) Let
11%
Levantar (also get up) Lift
11%
Cargar (also charge) Load
11%
Trabar Lock
11%
Importar (also import, care, mind) Matter
11%
Gemir (also groan) Moan
11%
Deber (also must) Owe
11%
Poseer (also possess) Own
11%
Sentir pánico Panic
11%
Pelar/Descascarillar/Descascarar/Desvainar (also hull) Peel
11%
Agradar/Complacer/Placer Please
11%
Orar/Rezar Pray
11%
Grabar Record
11%
Reflejar Reflect
11%
Lamentar Regret
11%
Rechazar (also decline) Reject
11%
Permanecer Remain
11%
Buscar (also look for, want, look up, court) Search
11%
Aguantar (tolerate)/Estar de pie/Poner en pie/Ponerse de pie (also get up, stand up)/Estar parado Stand
11%
Morirse de hambre Starve
11%
Sudar Sweat
11%
Enviar mensajes de texto/Enviar mensajes de texto a/Enviar un mensaje con Text
11%
Transferir/Trasladar Transfer
11%
Confiar/Fiar (also pay later, put on credit)Fiarse de Trust
11%
Deshacer Undo
11%
Actualizar (also upgrade) Update
11%
Acceder Access
5%
Aprobar Approve
5%
Atraer Attract
5%
Pertenecer Belong
5%
Soplar Blow
5%
Engañar (also mislead) Cheat
5%
Aferrarse/Asirse Cling
5%
Aplastar/Majar/Machacar (also grind, smash, mash) Crush
5%
Desplegar Deploy
5%
Fomentar/Alentar Encourage
5%
Fruncir el ceño/Torcer el gesto/Arrugar el entrecejo/Fruncir el entrecejo/Arrugar la frente Frown
5%
Cocinar a la parrilla/Hacer la parrilla/Asar la parrilla Grill
5%
Gruñir (also grunt, snarl, growl) Grumble
5%
Acontecer/Acaecer/Suceder (also succeed) Happen
5%
Incrementar Increase
5%
Invertir Invest
5%
Pronunciar mal Mispronounce
5%
Sobreestimar Overestimate
5%
Apuntar (also aim)/Señalar (also signal, point out) Point
5%
Pinchar Poke
5%
Verter/Echar (also cast, toss, chuck, lay, turn out, throw out, pass) Pour
5%
Probar (also try, test)/Comprobar (also check) Prove
5%
Proporcionar Provide
5%
Tirar (also throw, dump, ditch) Pull
5%
Bombear Pump
5%
Canjear/Redimir Redeem
5%
Requerir/Precisar Require
5%
Asar Roast
5%
Apresurarse Rush
5%
Asustar/Amilanar (also intimidate) Scare
5%
Señalizar/Señalar/Ser una señal de/Dar una señal/Hacer señas (also sign, gesture, beckon, motion) Signal
5%
Patinar Skate
5%
Omitir/Saltitar Skip
5%
Deslizarse/Resbalar (also slip) Slide
5%
Pisar Step
5%
Remover (also remove, toss, turn over, shake) Stir
5%
Resumir Summarize
5%
Aterrorizar Terrorize
5%
Subestimar Underestimate
5%
Desperdiciar/Derrochar Waste
5%
Saludar (also greet, acknowledge, say hello, salute) Wave
5%
Susurrar Whisper
5%
Ampliar/Ensanchar (also broaden) Widen
5%
Adorar (also adore) Worship
5%
Permitirse Afford
0%
Traicionar Betray
0%
Guardarse Beware
0%
Parpadear Blink
0%
Pedir prestado Borrow
0%
Rebotar Bounce
0%
Enterrar Bury
0%
Hacer campaña Campaign
0%
Cazar (also hunt) Chase
0%
Entregar Deliver
0%
Desaconsejar Discourage
0%
Perturbar/Molestar (also annoy) Disturb
0%
Arrastrar Drag
0%
Haga cumplir Enforce
0%
Voltear Flip
0%
Dar a luz/Parir Give birth
0%
Manejar Handle
0%
Dañar/Causar daños/Sufrir daños Harm
0%
Involucrar (also engage) Involve
0%
Hacer fila/Hacer cola (also queue, stand in line) Line up
0%
Emparejar Match
0%
Descuidar (also disregard) Neglect
0%
Pegar (also hit, stick, glue, bond, tape) Paste
0%
Perforar Pierce
0%
Sumir Plunge
0%
Alabar/Ensalzar Praise
0%
Recuperar/Recuperarse/Ponerse bien (also get well)/Reponerse (also rally) Recover
0%
Liberar (also liberate, free) Release
0%
Renunciar Resign
0%
Repasar/Reseñar/Pasar revista/Hacer la crítica de Review
0%
Enjuagar Rinse
0%
Rasgar/Ripear Rip
0%
Huir Run away
0%
Raspar/Raer Scrape
0%
Arañar/Rascar/Rascarse/Rasguñar/Escarbar (also dig out, burrow, uncover, rummage) Scratch
0%
Establecer Set
0%
Establecerse (also establish)/Saldar (also pay, repay, clear, pay off, discharge, pay back)/Zanjar (also bridge)/Dirimir (also solve)/Ponerse cómodo/Afincarse Settle
0%
Triturar Shred
0%
Patrocinar/Auspiciar Sponsor
0%
Difundir Spread
0%
Levantarse/Erguirse Stand up
0%
Cocer al vapor Steam
0%
Zapatear Stomp
0%
Comerciar/Cotizarse/Cambiar (also change) Trade
0%
Alejarse Walk away
0%
Advertir Warn
0%
Legar Will
0%
Dar fe de Witness
0%
No matching quizzes found
Score Distribution
Percent of People with Each Score
Percentile by Number Answered
Your Score History
You have not taken this quiz since the last reset